[Event "Interpolis-03"]
[Site "Tilburg"]
[Date "1979.11.14"]
[Round "10"]
[White "Kavalek, Lubomir"]
[Black "Romanishin, Oleg M"]
[Result "1/2-1/2"]
[WhiteElo "2590"]
[BlackElo "2560"]
[Annotator "Ftacnik,L"]
[PlyCount "46"]
[EventDate "1979.11.01"]
[EventType "tourn"]
[EventRounds "11"]
[EventCountry "NED"]
[EventCategory "15"]
[SourceTitle "MCL"]
[Source "ChessBase"]
[SourceDate "1999.07.01"]
[SourceVersion "1"]
[SourceVersionDate "1999.07.01"]
[SourceQuality "1"]

1. e4 e5 2. Nf3 Nc6 3. Bb5 Nf6 4. O-O Nxe4 5. d4 Nd6 6. Bxc6 dxc6 7. dxe5 Nf5
8. Qxd8+ Kxd8 9. Nc3 (9. b3 a5 10. Nc3 Ke8 11. h3 Bb4 12. Bb2 Bxc3 13. Bxc3 c5
$10 {Dautov}) 9... h6 (9... Ke8 10. h3 h6 11. b3 a5 12. Bb2 Bb4 $5 13. Ne2 h5
$1 14. Nf4 a4 $10 {Mainka-Dautov, Dortmund (op) 1992}) 10. Ne2 (10. Rd1+ Ke8
11. b3 Be6 12. Bb2 Be7 $6 (12... Bb4 $142) (12... Rd8 $142) 13. h3 h5 (13...
Rd8 14. g4 Nh4 15. Nxh4 Bxh4 16. f4 g6 17. Ne2 Be7 18. Nd4 $16) 14. Ne4 $6 (14.
g3 $1 g5 15. Ne4 g4 16. hxg4 hxg4 17. Nfg5 $16) 14... Rd8 $6 (14... h4 $1 $15)
15. c4 $6 (15. g3 $142) 15... Rxd1+ 16. Rxd1 h4 17. Bc1 b6 18. Kf1 {
Timoschenko-Tukmakow/Moskau/1990} f6 $1 19. exf6 gxf6 {/\20... Kf7=}) (10. h3
Be7 (10... a5 11. a4 $5 (11. Bd2 Be6 12. Rad1 $6 (12. g4 $1 Ne7 13. Nd4 Bc4 14.
Rfd1 c5 15. Ndb5 $14) 12... Kc8 13. g4 $6 (13. Rfe1 $10) 13... Ne7 14. Nd4 Bc4
15. Rfe1 c5 $1 16. Nf5 Nc6 17. Re4 (17. f4 Nd4 $15 {Van der Wiel}) (17. Ne3 Ba6
18. f4 Nd4 19. Kf2 Be7 $15 {Van der Wiel}) 17... Be6 {/\18... Lxf5 19.gxf5 Sd4}
18. Be3 {Van der Wiel-Hjartarson/Tilburg/1988} Nb4 $1 19. Rd2 Nxa2 20. Nxa2
Bxa2 21. b3 a4 $1 (21... b5 22. e6 fxe6 23. Rxe6 Kb7 24. Rd7 $13) 22. bxa4 g6
$15) 11... Be6 12. g4 Ne7 13. Nd4 g5 $6 (13... Bd7 $142 $10) 14. f4 $1 gxf4 15.
Nxe6+ fxe6 16. Bxf4 Ng6 17. Bg3 Bc5+ 18. Kg2 Ke7 19. Rf6 Rag8 20. Ne4 $1 $16 {
Djurhuus-Dumitrache/Haifa/1989}) (10... Be6 11. b3 b6 12. Bb2 Kc8 13. Ne2 Be7
14. Nf4 h5 15. Rfd1 Kb7 16. Kf1 a5 17. Nxe6 {1/2/Ehlvest-Korchnoi/Reykjavik/
1988}) 11. Ne2 Be6 12. Ned4 Nxd4 13. Nxd4 Bc5 14. Be3 Bxd4 15. Bxd4 {1/2/
Pantschenko-Galdunts/Moskau/1989}) 10... Be6 (10... Ke8 11. Nf4 Be6 $6 (11...
Ne7 $142 12. h3 Nd5 13. c3 Nxf4 14. Bxf4 {1/2/Gipslis-Spasski/Moscow/1967} Be6
15. b3 Bc5 16. Rfe1 Ke7 $10 {Balaschow-Filip/Sotschi/1973}) 12. b3 Bc5 13. Bb2
a5 14. Rad1 a4 15. g4 Ne7 16. h3 Nd5 17. Nd3 Be7 18. c4 Nb4 19. Nxb4 Bxb4 20.
Nd4 $14 {Timoschenko-Psachis/Tallinn/1989}) 11. Nf4 Bc5 $1 (11... Bd5 12. Nxd5
cxd5 13. g4 Ne7 14. Bf4 $16 {Gligoric-Neikirch/Portoroz izt/1958}) 12. Bd2 (12.
Nxe6+ fxe6 $10) 12... Bc4 13. Rfd1 Ke8 14. b3 Bd5 15. Nxd5 cxd5 16. Ba5 c6 17.
c4 dxc4 18. bxc4 b6 19. Bc3 Rd8 20. g4 Ne7 21. Nh4 (21. Kg2 $142 {/\Kg3}) 21...
h5 $1 22. g5 Rg8 23. Kg2 Ng6 (23... Ng6 24. Nxg6 (24. Nf5 Nf4+ 25. Kf3 Ne6 {
/\26... g6=}) 24... fxg6 {/\Ke8-e6=}) 1/2-1/2

[Event "Sochi FIDE GP"]
[Site "Sochi"]
[Date "2008.08.14"]
[Round "13"]
[White "Jakovenko, Dmitrij"]
[Black "Cheparinov, Ivan"]
[Result "1-0"]
[WhiteElo "2709"]
[BlackElo "2687"]
[Annotator "Ftacnik,L"]
[PlyCount "99"]
[EventDate "2008.07.31"]
[EventType "tourn"]
[EventRounds "13"]
[EventCountry "RUS"]
[EventCategory "19"]
[SourceTitle "CBM 126"]
[Source "ChessBase"]
[SourceDate "2008.10.01"]
[SourceVersion "1"]
[SourceVersionDate "2008.10.01"]
[SourceQuality "1"]

1. e4 e5 2. Nf3 Nc6 3. Bb5 Nf6 4. O-O Nxe4 5. d4 Nd6 6. Bxc6 dxc6 7. dxe5 Nf5
8. Qxd8+ Kxd8 9. Nc3 Ne7 {Black is playing an opening that has undergone huge
development since the Kramnik-Kasparov match in London 2000. Since then we
know that the black knight has an optimal place on the g6-square.} 10. h3 Ng6
11. Ne4 h6 12. b3 c5 13. Bb2 Be6 14. Nfd2 {Jakovenko is trying to improve on
the modern plan in the fight against the bishop pair. The threat of the
advance of the f-pawn is very unpleasant for Cheparinov.} h5 $6 {Advancing the
h-pawn one more step after a mere three moves is dubious. White will exchange
the bishop on e6 and will enjoy a real advantage.} (14... Nf4 $5 15. Kh2 Be7 (
15... Kd7 16. g3 Nd5 17. a3 Kc6 18. c4 Nb6 19. f4 g6 20. g4 Re8 21. f5 $16) 16.
g3 Nxh3 $5 (16... Nd5 17. a3 h5 18. c4 Nb6 19. f4 Bf5 20. Rfe1 $14) 17. f4 Bf5
18. Kg2 g5 19. fxg5 Be6 $11) 15. Ng5 $1 Be7 16. Nxe6+ fxe6 17. g3 h4 (17... Kd7
18. h4 Kc6 19. Rad1 $14) 18. Kg2 Kd7 19. Rae1 Rad8 20. Nf3 {Breaking through
the enemy's defences will not be easy, but in this position Black does not
have enough counterplay in return for his second rate pawn structure.} Ke8 (
20... Kc6 21. Re4 hxg3 22. fxg3 Rh7 23. Rg4 Nf8 24. Rf4 $14) 21. Rd1 a5 (21...
Kf7 22. c4 a6 23. Bc3 $14) 22. a4 Rd5 23. c4 Rd8 (23... Rd7 24. Bc1 Rf8 25.
Rfe1 $14) 24. Bc1 Rf8 25. Rfe1 Rf7 26. Rxd8+ Bxd8 27. Re4 $1 {The defender
will have no choice but to live with the presence of the real pawn majority on
the kingside.} hxg3 (27... Be7 28. gxh4 $16) 28. fxg3 Rd7 29. h4 Rd3 30. Re3
Rd7 (30... Rxe3 31. Bxe3 b6 32. h5 $16) 31. h5 Ne7 32. g4 Nc6 33. g5 Ne7 34.
Re2 Nf5 35. Rd2 Rf7 $1 {[%mdl 256] In comparision with other games from this
system White can celebrate quite a few successes. It seems that the exchange
of the rooks on d2 would not enable Black to hold the minor piece endgame.} (
35... Rxd2+ $6 36. Bxd2 b6 37. g6 $1 (37. Kh3 $2 Nd4 $1 38. Nxd4 cxd4 39. c5 $5
(39. Kg4 c5 40. Kf4 g6 41. h6 Kf7 $11) 39... bxc5 40. h6 gxh6 41. gxh6 Kf7 42.
Bxa5 Bg5 43. h7 Kg7 44. Kg4 Bd8 45. Kf3 Kxh7 46. Ke4 Kg6 47. b4 cxb4 48. Bxb4
c6 49. Kxd4 Kf5 50. Bd6 $16) 37... Be7 (37... Nd4 38. Nxd4 cxd4 39. c5 $1 bxc5
40. Bxa5 Bg5 41. Bxc7 Kd7 42. Bd6 $18) 38. Kh3 Kd7 39. Kg4 Ke8 40. Ng5 $1 (40.
Bg5 Bf8 $13) 40... Bxg5 41. Bxg5 Nh6+ 42. Kf4 Nf5 43. Bf6 Kf8 44. Bd8 $18) 36.
Rd3 Rf8 37. Kh3 c6 $2 {Cheparinov was truly suffering at the sight of his
dark-squared bishop and a number of pawns on squares of the same colour.
Despite that, this weakening move represents a decisive mistake.} (37... Nd4 $1
38. Nxd4 (38. Kg4 Nxf3 39. Rxf3 Rxf3 40. Kxf3 g6 $1 41. h6 (41. hxg6 Kf8 42.
Kg4 Kg7 43. Kh5 b6 44. Bd2 Be7 $11) 41... Kf8 42. Bd2 b6 43. Ke4 Kg8 44. Kd3
Kh7 45. Kc2 Kg8 $11) 38... cxd4 39. Rxd4 (39. h6 c5 40. g6 gxh6 41. g7 Rg8 42.
Bxh6 Kf7 43. Rf3+ Kg6 44. Rf8 Kh7 45. Kg4 Bc7 46. Kf4 Bd8 $11) 39... Rf1 40.
Bd2 Rh1+ 41. Kg4 Rg1+ 42. Kf3 Bxg5 43. Bxa5 b6 44. Rg4 Rf1+ 45. Ke2 Rf5 46. Bc3
Bh6 47. c5 Rxh5 48. cxb6 cxb6 49. Bd4 Rh3 $11) 38. Kg4 Bc7 39. Be3 b6 40. g6
Bd8 (40... Nxe3+ 41. Rxe3 Bd8 42. Re4 Be7 43. Rf4 $18) 41. Bf4 Bc7 42. Nd2 Nh6+
{It is understandable that the young Bulgarian player was not giving this
check with any joy. Passive defence was not enough, since White would create a
passed pawn on the g-file.} (42... Bd8 43. Ne4 Be7 44. Ng3 Nh4 (44... Nd4 45.
h6 gxh6 46. g7 Rg8 47. Bxh6 Kf7 48. Kh5 $18) 45. Rd1 Ng2 46. Bc1 Nh4 47. Rh1
Nf3 48. Bf4 Nd4 49. h6 gxh6 50. g7 Rg8 51. Bxh6 $18) 43. Bxh6 gxh6 44. Rd6 $1 {
Jakovenko is on top of the situation. This nice move is a decisive combination
with an unusual exchange sacrifice in the endgame.} Bxd6 (44... Ke7 45. Rxc6
Bxe5 46. Rxb6 Rf4+ 47. Kh3 Rf5 48. Rb7+ Ke8 49. Kg2 Rg5+ (49... Rxh5 50. Nf3
Kf8 51. b4 $1 cxb4 52. Rb5 $18) 50. Kf2 Rxh5 51. Nf3 Kf8 52. b4 $1 cxb4 53. Rb5
$18) 45. exd6 e5 (45... Kd8 46. Ne4 Rg8 47. Nf6 Rg7 48. Kf4 $18) 46. Ne4 Rf4+
47. Kg3 Rf1 (47... Rxe4 48. d7+ Kxd7 49. g7 Re1 50. Kf2 $18) 48. Kg2 Rf4 (48...
Rd1 49. Nf6+ Kf8 50. d7 Rd6 (50... Rd3 51. Nd5 $18) 51. g7+ Kxg7 52. Ne8+ $18)
49. Nf6+ $1 {Another impressive move which proves that the black pieces stand
no chance of coping with the white passed pawns.} Rxf6 (49... Kf8 50. d7 Rd4
51. Nd5 $18) 50. d7+ (50. d7+ Kxd7 51. g7 Rf5 52. g8=Q Rg5+ 53. Qxg5 hxg5 54.
h6 $18) 1-0

[Event "Rubinstein Memorial 37th"]
[Site "Polanica Zdroj"]
[Date "2000.08.20"]
[Round "4"]
[White "Shirov, Alexei"]
[Black "Krasenkow, Michal"]
[Result "1-0"]
[WhiteElo "2746"]
[BlackElo "2702"]
[Annotator "Ftacnik,L"]
[PlyCount "53"]
[EventDate "2000.08.17"]
[EventType "tourn"]
[EventRounds "9"]
[EventCountry "POL"]
[EventCategory "17"]
[SourceTitle "CBM 079"]
[Source "ChessBase"]
[SourceDate "2000.11.21"]
[SourceVersion "1"]
[SourceVersionDate "2000.11.21"]
[SourceQuality "1"]

1. e4 {Wedberg} e5 2. Nf3 Nc6 3. Bb5 Nf6 4. O-O Nxe4 5. d4 Nd6 6. Bxc6 dxc6 7.
dxe5 Nf5 8. Qxd8+ Kxd8 9. Nc3 Bd7 10. b3 $5 {Wedberg: 'Shirov deviates from
his game with Almasi two rounds earlier.'} (10. h3 {Wedberg} h6 11. Bf4 b6 12.
a4 a5 13. Rad1 Kc8 {1/2-1/2 Shirov,A-Almasi,Z/Polanica Zdroj 2000/CBM 79/
[Wedberg] (40)}) 10... h6 11. Bb2 Kc8 12. Rad1 (12. h3 {Wedberg} b6 13. Rad1
Ne7 14. Ne2 Ng6 15. Ne1 h5 $11 {1/2-1/2 Kasparov,G-Kramnik,V/London ENG 2000 
(25)}) 12... a5 ({In a later high profile game Black´s play was improved with} 
12... b6 {Wedberg} 13. Ne2 c5 14. c4 Bc6 15. Nf4 Kb7 16. Nd5 Ne7 17. Rfe1 Rg8
$13 {1/2-1/2 Kasparov,G-Kramnik,V/London 2000 (53)}) 13. h3 (13. Rd3 Be7 14.
Rfd1 Be6 $14) 13... b6 (13... Bb4 14. Ne2) 14. a4 Bb4 15. Ne2 {White needs a
good plan against black's idea of finishing artificial castling and improving
coordination of pieces.} (15. Ne4 Be6 16. c4 c5 $1) 15... Re8 $1 16. Nf4 (16.
g4 Ne7 17. Nf4 Ng6 $1 18. Nh5 Bf8 $13) 16... g6 (16... g5 $2 17. Nh5 Be7 18. g4
Nh4 19. Nxh4 gxh4 20. Rd3 $16) 17. g4 {'!' Wedberg.} Ng7 $1 (17... Ne7 18. c3
Bc5 19. Nd3 $14) 18. Rd3 Ne6 (18... h5 19. Rfd1 Ne6 20. Nxe6 Bxe6 21. Nd4 $16)
19. Nxe6 Bxe6 (19... Rxe6 20. Rfd1 Re7 21. Nd2 $14) 20. Nd4 Bd7 (20... Bd5 $2
21. c4 Be4 22. Re3 c5 23. Rxe4 cxd4 24. Bxd4 $16) 21. Ne2 $2 {'!' Wedberg.} (
21. Rfd1 Kb7 (21... Rxe5 22. Nxc6 Re1+ 23. Rxe1 Bxe1 24. Ne7+ Kd8 25. Bf6 $16)
22. Ne2 Bc8 $14) 21... Bd6 $1 (21... c5 22. c4 Bc6 23. Rfd1 $14) (21... Re7 {
Wedberg} 22. Rfd1 {The K is stuck on c8.}) (21... Be6 {Wedberg} 22. Rfd1 Kb7
23. Nf4 $16) 22. f4 $1 (22. exd6 $6 Rxe2 23. dxc7 (23. Rfd1 Rxc2 24. dxc7 Rxb2
25. Rxd7 Rb1 26. Rd8+ Kxc7 27. R8d7+ Kc8 $11) 23... Kxc7 24. Rfd1 Be6 $11) (22.
Rfd1 Bxe5 23. Bxe5 Rxe5 24. Rxd7 Rxe2 25. Rxf7 Rxc2 $15) 22... f5 $2 {[%mdl
256] Krasenkow opens a scope for better coordinated white pieces, opposite
coloured bishops are often a great boon in an attack.} (22... h5 23. Rfd1 Bc5+
24. Kh2 Be6 25. Kg3 $16) (22... f6 23. exd6 Rxe2 24. Bxf6 $18) (22... Bc5+ 23.
Kh2 f5 $13) 23. exd6 $1 {'+/-!' Wedberg.} Rxe2 24. dxc7 Kxc7 $6 (24... Rxc2 25.
Be5 fxg4 26. Rfd1 Bf5 27. Rd8+ Kb7 28. Rb8+ $18) (24... fxg4 25. Be5 gxh3 26.
Rfd1 h2+ (26... Bf5 27. Rd8+ Kb7 28. Rb8+ Ka7 29. Kf1 Rxe5 30. Rxa8+ Kxa8 31.
c8=Q+ Bxc8 32. fxe5 Kb7 33. Rd6 $16) 27. Kh1 Bg4 (27... Bf5 28. Rd8+ Kb7 29.
Rb8+ Ka7 30. Rxa8+ Kxa8 31. Rd8+ Ka7 32. c8=N+ Bxc8 33. Rxc8 Rxc2 34. Rg8 $16)
28. Rg3 Bf5 29. Rd8+ Kb7 30. Rb8+ Ka7 31. Rg2 $16) 25. Be5+ Kc8 26. Rfd1 Be6 $2
(26... Ra7 27. Rd6 fxg4 28. Rxg6 {'+-' Wedberg.} (28. hxg4 Bxg4 (28... Rxc2 29.
Rxg6 $18) 29. Rxc6+ Kb7 30. Rxg6 $18) 28... Bf5 29. Rxc6+ Kb7 30. Rf6 $1 $16)
27. Rd6 (27. Rd6 Bd5 28. c4 $18) 1-0

[Event "Interpolis-03"]
[Site "Tilburg"]
[Date "1979.11.06"]
[Round "5"]
[White "Spassky, Boris Vasilievich"]
[Black "Smyslov, Vassily V"]
[Result "1/2-1/2"]
[WhiteElo "2640"]
[BlackElo "2560"]
[Annotator "Ftacnik,L"]
[PlyCount "29"]
[EventDate "1979.11.01"]
[EventType "tourn"]
[EventRounds "11"]
[EventCountry "NED"]
[EventCategory "15"]
[SourceTitle "MCL"]
[Source "ChessBase"]
[SourceDate "1999.07.01"]
[SourceVersion "1"]
[SourceVersionDate "1999.07.01"]
[SourceQuality "1"]

1. e4 e5 2. Nf3 Nc6 3. Bb5 Nf6 4. O-O Nxe4 5. d4 Be7 6. Qe2 Nd6 7. Bxc6 bxc6 8.
dxe5 Nb7 9. Nc3 (9. b3 O-O 10. Bb2 (10. Ba3 Re8 (10... Bxa3 11. Nxa3 Qe7 12.
Nc4 d5 13. Ne3 f5 $1 14. c4 f4 15. Nc2 Bg4 16. Ncd4 Nd8 17. h3 {
Romanischin-Knezevic/Erewan/1980} Bxf3 $1 18. Nxf3 Ne6 19. Rfd1 Qc5 $1 (19...
Rad8 $6 20. Nd4) 20. Qd2 dxc4 $1 21. Rac1 Rad8 22. Qe1 Rxd1 23. Qxd1 Rd8 24.
Qc2 c3 $1 $10) 11. Re1 Bxa3 12. Nxa3 d5 13. Qa6 Re6 14. Rad1 Qe7 15. Nd4 Nc5
16. Qa5 Nb7 17. Qa6 Nd8 18. Qa5 Rg6 $10 {Dschandschawa-Bareev/Lemberg/1987})
10... d5 11. Nbd2 $6 (11. exd6 $142 cxd6 $10 12. Nd4) 11... a5 (11... Re8 $143
12. c4 $6 (12. Nd4 $142 {/\13.f4}) 12... a5 $1 13. Rfe1 Bf8 14. Bc3 a4 15. b4
c5 16. b5 d4 17. Bb2 c6 $5 18. bxc6 Na5 19. Qe4 Ra6 20. Ba3 Nxc6 21. Qd5 Be6
22. Qxd8 Rxd8 23. Ne4 Nb4 24. Bxb4 cxb4 25. c5 Rc6 26. Nd6 Bd5 $1 27. Nxd4 Rxc5
28. f4 g6 29. Rab1 Bxd6 30. exd6 Rc4 31. Rbd1 Rxd6 32. Re8+ Kg7 33. Re5 Rd7 34.
Nf3 Bc6 35. Rxd7 Bxd7 36. Re7 Be6 37. Rb7 Rxf4 38. Ra7 a3 39. Kf2 Bxa2 40. Ke3
Rf6 41. Nd4 b3 {0-1/Renet-Sharif/France tt/1991}) 12. Nd4 Qd7 13. f4 c5 14. Nb5
(14. N4f3 Qg4) 14... c6 15. Nc3 {/\f4-f5} Qg4 $1 16. Rf3 (16. Qxg4 Bxg4 17. f5
(17. Rae1 Bf5) 17... Bg5 $1) (16. Qf2 c4 $1) 16... Qg6 $1 {/\17. ...Lg4,17. ...
Dxc2} 17. Rg3 (17. Qd3 Bf5) 17... Qxc2 18. Na4 Nd8 19. Rc1 Qf5 20. Rf3 Ne6 21.
Qf2 Ba6 22. h3 h5 23. Nf1 {/\24.Sg4, 25.f5} Bxf1 24. Rxf1 Rfb8 $1 25. Ba3 Rb4
$1 (25... Nd4 $2 26. Rg3 $1 Bh4 (26... h4 27. Rg4) 27. Rxg7+ Kxg7 28. Qxh4 $16)
26. Bxb4 axb4 27. Kh2 (27. g3 $5 Qxh3 28. f5 Ng5 29. Re3 Ne4 30. Rxe4 dxe4 31.
Qf4 c4 $1) 27... h4 $1 28. Qd2 c4 29. bxc4 Rxa4 30. cxd5 cxd5 31. Qxd5 Ra3 32.
Rxa3 bxa3 33. Qa8+ Kh7 34. Qf3 g6 35. Qg4 Qe4 $1 36. Kh1 Ng7 $1 37. Qf3 Qc4 38.
Qf2 Nf5 39. Re1 Bc5 40. Qf3 (40. Qd2 Ng3+ 41. Kh2 Nf1+) 40... Qxa2 41. Rc1 Qb2
42. Rxc5 a2 43. Ra5 a1=Q+ {0-1/Prandstetter-Pachmann/CSFR tt/1993}) 9... O-O
10. Re1 Nc5 (10... Re8 $6 11. Qc4 Nc5 12. Bg5 $6 (12. Ng5 Bxg5 (12... Ne6 13.
Nxe6 fxe6 14. Be3 Rb8 15. b3 Rb4 16. Qd3 d6 (16... d5 17. Na4 {Hübner}) 17. Ne4
$16) (12... Rf8 13. Nce4 $16) 13. Bxg5 Qxg5 14. Qxc5 Re6 15. Qd4) 12... Ba6 $2
(12... d5 $1 13. exd6 cxd6 14. Bxe7 Rxe7 15. Rxe7 Qxe7 16. Nd4 (16. b4 Be6 17.
Qd4 Nb7 $10 {Hübner}) 16... Qb7 17. b4 Be6 18. Nxe6 Nxe6 $10 {Hübner}) 13. Bxe7
Bxc4 (13... Qxe7 14. Qg4 $14) 14. Bxd8 Raxd8 15. Rad1 f6 16. exf6 {
Hübner-Spassky/Venedig m/1989} gxf6 17. Nd4 $14) 11. Nd4 Ne6 12. Nxe6 fxe6 13.
b3 Qe8 14. Bb2 Bb7 15. Qg4 1/2-1/2

[Event "EU-ch 4th"]
[Site "Istanbul"]
[Date "2003.05.31"]
[Round "2"]
[White "Inarkiev, Ernesto"]
[Black "Georgiev, Kiril"]
[Result "0-1"]
[WhiteElo "2568"]
[BlackElo "2647"]
[Annotator "Ftacnik,L"]
[PlyCount "74"]
[EventDate "2003.05.30"]
[EventType "swiss"]
[EventRounds "13"]
[EventCountry "TUR"]
[SourceTitle "CBM 096"]
[Source "ChessBase"]
[SourceDate "2003.09.25"]
[SourceVersion "1"]
[SourceVersionDate "2003.09.25"]
[SourceQuality "1"]

1. e4 e5 2. Nf3 Nc6 3. Bb5 Nf6 4. O-O Nxe4 5. d4 Nd6 6. Bxc6 dxc6 7. dxe5 Nf5
8. Qxd8+ Kxd8 9. Nc3 Ne7 10. Re1 Ng6 11. Ne4 h6 12. h3 Be6 {Berlin defense was
included into repertoir of many players, white still doesn't have a way to
gain advantage.} (12... b6 13. Bd2 c5 14. Rad1 Ke8 15. a3 a5 16. Kh2 Be6 17. g4
Rd8 {1/2-1/2 Blehm,P-Markowski,T/Ohrid 2001/ (17)}) 13. b3 (13. Nd4 Bd5 (13...
Nxe5 14. Nxe6+ fxe6 15. Ng5 hxg5 16. Bxg5+ {1/2-1/2 Galkin,A-Aleksandrov,A/
Moscow op 2003/ (16)}) 14. Nf5 Nxe5 15. Bf4 Nd7 16. Nc3 g6 17. Nd4 Bb4 18. Nxd5
Bxe1 19. Bxc7+ Kc8 20. Rxe1 cxd5 21. Bd6 a5 22. Re7 Ra6 23. Nb5 a4 24. Ba3 f6
25. Nc3 Ne5 26. Nxd5 Rd8 {1/2-1/2 Topalov,V-Shirov,A/Prague 2002/ (31)}) 13...
c5 14. c4 b6 15. g4 (15. Be3 Be7 16. Rad1+ Kc8 $11) 15... Kc8 16. Kg2 Kb7 17.
Rd1 (17. Be3 Bd7 18. Nc3 Re8 $11) 17... Be7 18. Kg3 f5 19. gxf5 $2 {[%mdl
16384] Black's bishop pair will spring to life after this strategically
unfortunate move, the right idea was to exchange pawns on the square f6.} (19.
exf6 $1 gxf6 20. Bb2 Rhf8 21. Re1 Rae8 22. Re3 f5 23. gxf5 Rxf5 24. Rae1 $14)
19... Bxf5 20. Nc3 (20. Re1 Rad8 21. Re3 h5 $15) 20... Rhf8 21. h4 (21. Be3
Bxh3 22. Nd5 Be6 $15) 21... h5 22. Bg5 (22. Ng5 Nxe5 23. Nd5 Bd6 $17) 22... Bg4
23. Rd3 Rad8 $1 {Georgiev has already achieved winning position, since white
can not prevent loss of material.} 24. Rad1 (24. Re3 Rxf3+ 25. Rxf3 Bxf3 26.
Kxf3 Bxg5 27. hxg5 Rd3+ $19) (24. Rxd8 Rxf3+ 25. Kg2 Bxd8 26. Bxd8 Rxc3 $19) (
24. Nd5 c6 $19) 24... Bxg5 25. hxg5 (25. Nxg5 Bxd1 26. Rxd1 Rxd1 27. Nxd1 Nxe5
$19) 25... Rxd3 26. Rxd3 Bxf3 27. Rxf3 h4+ 28. Kg2 (28. Kg4 Nxe5+ $19) 28...
h3+ $1 {Small combination in a Capablanca style, the rest of the game is just
a consequence of Inarkiev's failure in the tactical duel of pieces.} 29. Rxh3 (
29. Kg3 h2 30. Rxf8 h1=Q $19) 29... Nf4+ 30. Kg3 Nxh3 31. Kxh3 Rf3+ 32. Kg4
Rxc3 33. Kf5 (33. f4 Kc6 34. f5 Rc2 35. Kh5 Rxa2 36. Kg6 Rf2 37. f6 gxf6 38.
exf6 Kd6 39. Kf7 Rf5 40. Ke8 Rxg5 41. f7 Re5+ 42. Kd8 Rf5 43. Ke8 Ke5 $19)
33... Rf3+ 34. Kg6 Kc6 35. Kxg7 Kd7 36. g6 Rxf2 37. Kh7 Rh2+ (37... Rh2+ 38.
Kg8 Rxa2 39. g7 Ke7 40. Kh7 Rh2+ 41. Kg6 Rg2+ 42. Kh7 Ke6 $19) 0-1